000 00325nam a22001337a 4500
008 241127b |||||||| |||| 00| 0 eng d
020 _a9782679410
050 _aPN 1081
_b.A34
100 _aAdeniran Tunde
245 _aThe politics of Wole Soyinka
260 _aIbadan,Nigeria
_bFountain
_c1994
300 _a188
942 _cBK
999 _c1801
_d1801